|
|
|
|
| LEADER |
00000nam a2200000 a 4500 |
| 001 |
vtls011888561 |
| 003 |
SK-MaSNL |
| 005 |
20260302022755.0 |
| 008 |
251112 1595 fr 001 0 lat |
| 015 |
|
|
|a SNBHFA1595
|
| 040 |
|
|
|a SNKHF
|b slo
|c SNKHF
|e AACR2
|
| 041 |
|
|
|a lat
|
| 044 |
|
|
|a fr
|c FR
|
| 072 |
|
7 |
|a 34
|x Právo
|2 konspekt
|
| 080 |
|
|
|a 34
|2 2011
|
| 100 |
1 |
|
|a Fumo, Bartolomeo,
|d zomrel 1555
|4 aut
|4 dto
|9 179199
|
| 245 |
1 |
0 |
|a Svmma Avrea Armilla Nvncvpata, Casvs Omnes Ad Animarvm Cvram Attinentes, Breviter Complectens. A Reueren. P. F. Bartholomaeo Fumo Villauren. Placentino, Ord. Praed. ac Haereticae prauit. Inquisitore, edita. Nunc demum Summariis, singulis titulis praefixis, aucta, Decisionibúsque Sacros. Conc. Trid. in marginibus annotatis, nunquam antea impressis, illustrata. Omnia Hac Postrema editione castigatiora reddita
|
| 260 |
|
|
|a Lvgdvni
|b Svmptibvs Petri Landry, (Typis Ioannis Tholosan)
|c M.D.XCV. [=1595]
|
| 300 |
|
|
|a [16], 1056, [24] strán
|c 8°
|c 18 cm
|
| 500 |
|
|
|a Signet, linky, iniciálky s ornamentálnym a figurálnym pozadím v rámčeku a vo voľnom priestore na 4, 6 riadkov, titulný list s červeno-čiernou tlačou, rubriky, kustódy
|
| 504 |
|
|
|a Marginálie
|
| 508 |
|
|
|a Dedikácia: Trivulzio, Catelanus; Fumo, Bartolomeo; príl. b.: Landi, Constanzo; Fumo, Bartolomeo
|
| 510 |
4 |
|
|a BNP 55/1228
|
| 546 |
|
|
|a Latinčina
|b Kurzíva
|
| 561 |
|
|
|a Z knižnice františkánov v Trnave.
|5 SNK ID 101529
|
| 561 |
|
|
|a Proveniencia: [...] Leopold 1671. - Pečiatka No. [...] Ex Bibliotheca Fratrum Minorum Nagyszombat.
|5 SNK ID 101529
|
| 563 |
|
|
|a Väzba: pôvodná, žltá hladká koža, stopy po kožených šnúrkach.
|5 SNK ID 101529
|
| 650 |
0 |
7 |
|a právo
|2 SNKPH
|9 976
|
| 700 |
1 |
|
|a Trivulzio, Catalano,
|d 1508-1559
|4 hnr
|9 72422
|
| 700 |
1 |
|
|a Landi, Constanzo
|4 aut
|9 305375
|
| 700 |
1 |
|
|a Landry, Pierre,
|d 16.-17. storočie
|4 prt
|9 128763
|
| 700 |
1 |
|
|a Tholosan, Jean,
|d 1593-1627
|4 pbl
|9 668688
|
| 710 |
1 |
|
|a Františkáni (Trnava, Slovensko)
|4 fmo
|9 305289
|
| 710 |
0 |
|
|a Landry, Pierre (Lyon, Francúzsko),
|d 1573-1615
|4 prt
|9 305373
|
| 710 |
0 |
|
|a Tholosan, Jean (Lyon, Francúzsko)
|4 pbl
|9 668689
|
| 752 |
|
|
|a Francúzsko
|d Lyon
|
| 852 |
|
|
|a snk
|b Historické fondy
|p ID 101529
|
| 999 |
|
|
|c 1034059
|d 1035989
|
| 952 |
|
|
|t Fr Tt 22 781
|a SNK
|b SNK
|c SNK_HF
|y PREZ
|7 0
|p 17A1303125
|o snkID 101529
|i snk2019/23532
|8 5
|0 0
|1 0
|4 0
|d 2019-09-23
|f 1
|l 0
|r 2026-02-24 14:03:59
|w 2026-02-24
|